[Event "Challenge"]
[Site "http://www.queenalice.com/game.php?id=1239327"]
[Date "2013.12.11"]
[Round "-"]
[White "edemarc"]
[Black "ebelote"]
[Result "0-1"]
[WhiteElo "1613"]
[BlackElo "1629"]

1. e4 e5 2. Nf3 Nc6 3. Nc3 Bc5 4. Nd5 Nf6 5. Nc3 d5 6. Ng5 h6 7. Nf3 dxe4 8. Ng1
Ng4 9. Nxe4 Qd4 10. Qe2 Bf5 11. f3 Bxe4 12. fxg4 Bxc2 13. Nf3 Qxg4 14. g3 O-O-O
15. Nxe5 Nxe5 16. Qxg4+ Nxg4 17. Bh3 Rhe8+ 18. Kf1 Bd3+ 19. Kg2 Be4+ 20. Kf1
Bxh1 21. Bxg4+ Kb8 22. a3 Re4 23. Be2 Rde8 24. d3 Rxe2 25. Bf4 Rf2+ 26. Kg1 Bd5
27. Rc1 Rc2+ 28. Kf1 Bg2# 0-1

[Event "IX-E-2-B-R4-J2"]
[Site "http://www.queenalice.com/game.php?id=1239329"]
[Date "2013.12.11"]
[Round "-"]
[White "marreta7"]
[Black "ebelote"]
[Result "0-1"]
[WhiteElo "1597"]
[BlackElo "1646"]

1. e4 e5 2. Bc4 Bc5 3. Nf3 Nc6 4. d3 d6 5. h3 Nf6 6. a3 O-O 7. Nc3 a6 8. Qe2 Nd4
9. Nxd4 Bxd4 10. Bd2 b5 11. Ba2 c5 12. O-O Be6 13. Bxe6 fxe6 14. Rfe1 Ra7 15.
Rf1 Raf7 16. b4 Qc8 17. Rab1 cxb4 18. Rxb4 Bxc3 19. Bxc3 Qxc3 20. g4 Qxa3 21.
Rbb1 Rc7 22. Ra1 Qc5 23. Rxa6 Qxc2 24. Qxc2 Rxc2 25. Rxd6 b4 26. Kg2 Ne8 27.
Rxe6 b3 28. g5 b2 29. Rxe5 Nd6 30. Rd5 Nc8 31. Rb5 Na7 32. Rb3 Nc6 33. Rb1
Rfxf2+ 34. Kg3 Nd4 35. R3xb2 Rxb2 36. Rxb2 Rxb2 37. h4 h5 38. Kf4 g6 39. e5 Re2
40. e6 Rxe6 41. Kg3 Re3+ 42. Kf4 Rxd3 43. Ke4 Rd1 44. Ke5 Nf3+ 45. Kf6 Nxh4 46.
Ke7 Nf5+ 47. Kf6 h4 48. Kxg6 h3 49. Kxf5 h2 50. g6 h1=Q 51. Kf6 Re1 52. g7 Qf3+
53. Kg6 Rg1+ 54. Kh6 Qh3# 0-1

[Event "IX-E-2-B-R5-J1"]
[Site "http://www.queenalice.com/game.php?id=1239332"]
[Date "2013.12.11"]
[Round "-"]
[White "ebelote"]
[Black "Jokerman2011"]
[Result "1-0"]
[WhiteElo "1644"]
[BlackElo "1089"]

1. e4 e6 2. d4 Bb4+ 3. c3 Ba5 4. Nf3 Nf6 5. Bd3 b6 6. Bg5 h6 7. Bf4 g5 8. Bg3 b5
9. Bxb5 c6 10. Ba4 Na6 11. e5 Ne4 12. O-O Rb8 13. Qd3 f5 14. exf6 Nxf6 15. Qg6+
Ke7 16. Qg7+ Ke8 17. Qxh8+ Ke7 18. Qg7+ Ke8 19. Bd6 Rxb2 20. Qf8# 1-0

[Event "IX-E-2-B-R10-J2"]
[Site "http://www.queenalice.com/game.php?id=1264677"]
[Date "2014.3.13"]
[Round "-"]
[White "Wenderson"]
[Black "ebelote"]
[Result "1-0"]
[WhiteElo "1866"]
[BlackElo "1691"]

1. e4 e5 2. Nf3 Nc6 3. Bc4 Nf6 4. d3 Bc5 5. Bg5 h6 6. Bxf6 Qxf6 7. Nc3 Nd4 8.
Nd5 Qc6 9. Nxe5 Qa4 10. b3 Qa5+ 11. c3 c6 12. b4 Bxb4 13. cxb4 Qa3 14. Nc7+ Ke7
15. Nxa8 Qc3+ 16. Kf1 b5 17. Rc1 Qxb4 18. Bb3 d6 19. Nxf7 Rf8 20. Qh5 Qd2 21.
Rd1 Qf4 22. g3 Qf6 23. f4 Nxb3 24. axb3 Rxf7 25. Ra1 Qxa1+ 26. Kg2 Qb2+ 27. Kf3
Qxb3 28. Ke3 c5 29. Nc7 Bb7 30. Ra1 c4 31. Rd1 Kf8 32. Ne6+ Ke7 33. Nd4 Qa4 34.
Qxb5 Qxd1 35. Qxb7+ Kf6 36. e5+ dxe5 37. Qc6+ Ke7 38. Qc7+ Kf6 39. Qd6# 1-0

[Event "Challenge"]
[Site "http://www.queenalice.com/game.php?id=1274295"]
[Date "2014.4.19"]
[Round "-"]
[White "zmanomega"]
[Black "ebelote"]
[Result "0-1"]
[WhiteElo "1601"]
[BlackElo "1678"]

1. e4 e5 2. Nh3 Nf6 3. f3 Bc5 4. d3 d5 5. Bg5 d4 6. Qd2 Nc6 7. Bxf6 Qxf6 8. Qf2
O-O 9. Nd2 Nb4 10. Kd1 a5 11. c3 dxc3 12. Qxc5 cxd2 13. Qxc7 Bxh3 14. Kxd2 Qf4+
15. Ke2 Rac8 16. Qxc8 Rxc8 17. Rd1 Rc2+ 0-1

[Event "Desafio"]
[Site "http://www.queenalice.com/game.php?id=1288568"]
[Date "2014.6.16"]
[Round "-"]
[White "ebelote"]
[Black "Piazzolero"]
[Result "1-0"]
[WhiteElo "1712"]
[BlackElo "1664"]

1. e4 e5 2. Bc4 Nf6 3. Nc3 d6 4. Nf3 Be6 5. Bxe6 fxe6 6. d4 exd4 7. Nxd4 Qd7 8.
Qf3 Nc6 9. Nxc6 Qxc6 10. Qe2 e5 11. Bg5 Be7 12. Bxf6 Bxf6 13. O-O O-O-O 14. Nd5
h5 15. f4 exf4 16. Rxf4 Bxb2 17. Ne7+ Kd7 18. Nxc6 Kxc6 19. Qc4+ Kd7 20. Rf7+
Kc8 21. Qxc7# 1-0

[Event "Challenge"]
[Site "http://www.queenalice.com/game.php?id=1306209"]
[Date "2014.9.5"]
[Round "-"]
[White "ORNELAS"]
[Black "ebelote"]
[Result "1-0"]
[WhiteElo "1716"]
[BlackElo "1726"]

1. e4 e5 2. Nf3 Nc6 3. c3 Bc5 4. b4 Bb6 5. b5 Na5 6. Nxe5 Qf6 7. d4 d6 8. Nf3
Bg4 9. Nbd2 c5 10. Be2 cxd4 11. cxd4 Bxf3 12. Nxf3 Ne7 13. Bb2 Qg6 14. O-O Qxe4
15. d5 Nxd5 16. Bxg7 Rg8 17. Bh6 O-O-O 18. Ng5 Qg6 19. Qxd5 Qxh6 20. Rac1+ Kb8
21. Nxf7 Qg6 22. Nxd8 Bxd8 23. Bf3 Bg5 24. Rb1 Bf4 25. b6 a6 26. Qxa5 Qh6 27. g3
Be5 28. Bxb7 Kxb7 29. Qd5+ Kb8 30. Qxg8+ 1-0

[Event "X-E-1-1-R2-J3"]
[Site "http://www.queenalice.com/game.php?id=1324385"]
[Date "2014.11.26"]
[Round "-"]
[White "ebelote"]
[Black "Newcobos"]
[Result "0-1"]
[WhiteElo "1689"]
[BlackElo "2190"]

1. e4 c5 2. Bc4 e6 3. Nc3 Nc6 4. Nf3 g6 5. d3 Bg7 6. Bd2 Nf6 7. a3 O-O 8. O-O d5
9. exd5 exd5 10. Bb5 Bd7 11. Bg5 Be6 12. h3 Qc7 13. Bxc6 Qxc6 14. Ne5 Qc7 15.
Re1 d4 16. Nb5 Qd8 17. Qf3 a6 18. Qxb7 axb5 19. Qxb5 Ra5 20. Bxf6 Bxf6 21. Qb7
Bxe5 22. Rxe5 Qd6 23. Qe4 Re8 24. Rxe6 Qxe6 25. Qf3 Qe2 26. Qc6 Rb8 27. Rf1 Qxc2
28. Re1 Raa8 29. Re7 Rf8 30. Qf3 Rab8 31. h4 Rxb2 32. h5 Rb1+ 33. Kh2 Qd1 34.
Re2 Qh1+ 35. Kg3 Qxh5 36. Qxh5 gxh5 37. Re5 Rb3 38. Rxh5 Rc8 39. Kg4 Rxd3 40.
Rg5+ Kh8 41. Kh5 Rxa3 42. Kh6 d3 43. Rg7 Ra6+ 0-1

[Event "X-E-1-1-R4-J2	"]
[Site "http://www.queenalice.com/game.php?id=1333250"]
[Date "2015.1.6"]
[Round "-"]
[White "ebelote"]
[Black "Jokerman2011"]
[Result "1-0"]
[WhiteElo "1701"]
[BlackElo "1089"]

1. e4 e5 2. Nf3 f6 3. Bc4 g6 4. d4 Bb4+ 5. c3 Ba5 6. dxe5 fxe5 7. Bxg8 Rxg8 8.
Bg5 Nc6 9. Bxd8 Nxd8 10. Qd5 Nf7 11. Qxa5 b6 12. Qd5 c6 13. Qb3 Rg7 14. Nbd2 Nd6
15. Nxe5 Re7 16. Qg8# 1-0

[Event "X-E-1-1-R5-J3"]
[Site "http://www.queenalice.com/game.php?id=1333876"]
[Date "2015.1.9"]
[Round "-"]
[White "fflores"]
[Black "ebelote"]
[Result "1-0"]
[WhiteElo "1646"]
[BlackElo "1710"]

1. d4 d5 2. Nc3 Nf6 3. Nf3 e6 4. e3 Bb4 5. Bd2 Bxc3 6. Bxc3 a6 7. Bd3 O-O 8. O-O
Nc6 9. a3 b5 10. b4 a5 11. Bxb5 Ne7 12. bxa5 c6 13. Be2 Ne4 14. Bb4 Nf5 15. Bxf8
1-0

[Event "Challenge"]
[Site "http://www.queenalice.com/game.php?id=1334502"]
[Date "2015.1.12"]
[Round "-"]
[White "ORNELAS"]
[Black "ebelote"]
[Result "0-1"]
[WhiteElo "1593"]
[BlackElo "1691"]

1. Nf3 Nc6 2. c3 e5 3. e4 Bc5 4. Bb5 Nf6 5. Bxc6 dxc6 6. d3 O-O 7. O-O h6 8.
Nxe5 Re8 9. Nxf7 Kxf7 10. Bf4 Bg4 11. Qd2 Re7 12. b4 Bb6 13. Bg3 Rd7 14. Qc2
Rxd3 15. Qb3+ Be6 16. Qc2 Nxe4 17. a4 Nxg3 18. hxg3 Rxg3 19. Qe4 Rg6 20. Qf4+
Rf6 21. Qh4 Bc4 22. Qxc4+ Kf8 23. Qe4 a5 24. Qh7 Kf7 25. b5 cxb5 26. axb5 Rg6
27. Ra4 Qg5 28. g3 Qxg3+ 29. Kh1 Qh3# 0-1

[Event "X-E-1-1-R7-J4"]
[Site "http://www.queenalice.com/game.php?id=1359950"]
[Date "2015.5.17"]
[Round "-"]
[White "ebelote"]
[Black "marreta7"]
[Result "1-0"]
[WhiteElo "1656"]
[BlackElo "1537"]

1. e4 e5 2. Nf3 Nc6 3. Bc4 a6 4. d3 Bc5 5. Nc3 d6 6. O-O h6 7. Nd5 Nf6 8. Nxf6+
Qxf6 9. a3 O-O 10. b4 Ba7 11. Bb2 Qg6 12. Nh4 Qh7 13. Qf3 Nd4 14. Bxd4 Bxd4 15.
Rac1 b5 16. Bd5 Ra7 17. c3 Bb6 18. c4 bxc4 19. Bxc4 g5 20. Qg3 Kh8 21. Nf3 f5
22. exf5 Bxf5 23. Nd2 c5 24. bxc5 dxc5 25. Qxe5+ Qg7 26. Qd6 Rb7 27. Bxa6 Bc7
28. Qxc5 Bb6 29. Qd6 Bc7 30. Qd5 Rb2 31. Nf3 Qf7 32. Qxf7 Rxf7 33. Rfe1 Bxd3 34.
Bxd3 Ra2 35. Bc4 Rxa3 36. Bxf7 Bb6 37. Rc6 g4 38. Rxb6 gxf3 39. Bd5 fxg2 40. Re7
Ra1+ 41. Kxg2 h5 42. Rb8# 1-0

[Event "X-E-1-1-R14-J3"]
[Site "http://www.queenalice.com/game.php?id=1366497"]
[Date "2015.6.19"]
[Round "-"]
[White "ebelote"]
[Black "fflores"]
[Result "0-1"]
[WhiteElo "1746"]
[BlackElo "1720"]

1. e4 e5 2. Nf3 Nc6 3. Nc3 Nf6 4. d3 Bc5 5. Bg5 h6 6. Bh4 Nd4 7. Nxd4 Bxd4 8.
Qd2 g5 9. Bg3 d6 10. f3 Nh5 11. Bf2 Bxf2+ 12. Qxf2 b6 13. d4 f6 14. dxe5 fxe5
15. b4 a5 16. Bb5+ Bd7 17. Bc4 axb4 18. Nd5 c5 19. O-O b5 20. Be2 Nf4 21. Nxf4
exf4 22. Rfd1 Qf6 23. Qe1 Ra3 24. Qd2 Ke7 25. Qd5 Rb8 26. e5 Qxe5 27. Qxe5+ dxe5
28. Rd5 Bc6 29. Rxe5+ Kd6 30. Rf5 Re3 31. Kf2 Rbe8 32. Rd1+ Kc7 33. Bf1 R3e5 34.
Rxe5 Rxe5 35. h3 c4 36. Rb1 Rd5 37. Kg1 Rd2 38. Rxb4 Rxc2 39. a4 Kb6 40. axb5
Bxb5 41. Kh2 Kc5 42. Rb1 Rc3 43. Re1 Re3 44. Rb1 Rb3 45. Re1 c3 46. Re5+ Kb6 47.
Bxb5 Rxb5 48. Re1 Kc5 49. Kg1 c2 50. Kf2 Rb2 51. Rc1 Kc4 52. Ke2 Kc3 0-1

[Event "OS INCLIVEIS"]
[Site "http://www.queenalice.com/game.php?id=1368907"]
[Date "2015.7.1"]
[Round "-"]
[White "adelio"]
[Black "ebelote"]
[Result "0-1"]
[WhiteElo "1781"]
[BlackElo "1667"]

1. d4 d5 2. e4 dxe4 3. Nc3 Nf6 4. f3 exf3 5. Nxf3 Bg4 6. h3 Bxf3 7. Qxf3 Nc6 8.
Be3 e6 9. a3 Nxd4 10. Bxd4 Qxd4 11. Rd1 Qe5+ 12. Be2 Bc5 13. b4 Bd4 14. Rd3
O-O-O 15. g3 Nd5 16. Qe4 Bxc3+ 17. Rxc3 Qxe4 18. Rf3 Nc3 19. Rh2 Rd1+ 20. Kf2
Qxe2# 0-1

[Event "OS INCLIVEIS"]
[Site "http://www.queenalice.com/game.php?id=1368908"]
[Date "2015.7.1"]
[Round "-"]
[White "ebelote"]
[Black "adelio"]
[Result "1-0"]
[WhiteElo "1688"]
[BlackElo "1732"]

1. e4 a6 2. Nf3 c5 3. Bc4 d5 4. Bxd5 e6 5. Bb3 Nc6 6. d3 Be7 7. Bf4 Nd4 8. Nxd4
cxd4 9. c3 b5 10. cxd4 Qxd4 11. Nc3 Bb4 12. O-O e5 13. Be3 Qd8 14. Qh5 g6 15.
Qxe5+ Qe7 16. Qxh8 Qf8 17. Nd5 Bd6 18. Nf6+ Nxf6 19. Qxf6 Rb8 20. Bh6 Qe7 21.
Bxf7+ Kd8 22. Qh8+ Kc7 23. Rfc1+ Kb6 24. Be3+ Ka5 25. Qxh7 Be6 26. Bxg6 Qxh7 27.
Bxh7 Rh8 28. Rc6 Bxh2+ 29. Kxh2 Rxh7+ 30. Kg1 Re7 31. Bd2+ b4 32. Rac1 Bxa2 33.
f4 Bg8 34. b3 Bxb3 35. R1c5+ Ka4 36. Rxa6# 1-0

[Event "Os Incliveis 2"]
[Site "http://www.queenalice.com/game.php?id=1372810"]
[Date "2015.7.22"]
[Round "-"]
[White "ebelote"]
[Black "adelio"]
[Result "1-0"]
[WhiteElo "1706"]
[BlackElo "1699"]

1. e4 a6 2. d4 c5 3. Nf3 d6 4. Bc4 e6 5. Nc3 Ra7 6. Be3 b5 7. Bd3 Be7 8. dxc5
dxc5 9. O-O Nc6 10. a3 h5 11. b4 h4 12. h3 e5 13. Nd5 g5 14. bxc5 g4 15. hxg4
Bxg4 16. Be2 Bxf3 17. Bxf3 Bg5 18. Bg4 f6 19. Bh3 Rah7 20. Qg4 Nce7 21. Rfd1
Nxd5 22. Rxd5 Qc7 23. Rad1 Nh6 24. Qe6+ Kf8 25. Rd8+ Qxd8 26. Rxd8+ Kg7 27. Bxg5
Rxd8 28. Bxf6+ Kf8 29. Bxd8 Nf7 30. Be7+ Kg7 31. c6 Rh6 32. Qd7 Rg6 33. c7 Kh6
34. c8=Q Kh5 35. Qf5+ Ng5 36. Qh8+ Rh6 37. Bg4# 1-0

[Event "X-E-1-1-R11-J3"]
[Site "http://www.queenalice.com/game.php?id=1376188"]
[Date "2015.8.8"]
[Round "-"]
[White "Newcobos"]
[Black "ebelote"]
[Result "1-0"]
[WhiteElo "2247"]
[BlackElo "1729"]

1. e4 e5 2. Nf3 Nc6 3. Bb5 Bc5 4. O-O Nf6 5. Nc3 O-O 6. d3 Nd4 7. Nxe5 c6 8. Bc4
d6 9. Nxf7 Qe7 10. Nxd6+ Be6 11. Bxe6+ Nxe6 12. Nf5 Qc7 13. Be3 Bd6 14. Nxd6
Qxd6 15. f4 Nd7 16. f5 Nd4 17. Ne2 Nb5 18. a4 Nc7 19. Bf4 Qe7 20. Bxc7 Nf6 21.
Bg3 Rad8 22. Qc1 Qf7 23. Nf4 1-0